How Asia works : success and failure in the world's most dynamic region.
| Main Author: | |
|---|---|
| Format: | Book |
| Published: |
London:
Profile Books,
2013.
|
| Subjects: |
| LEADER | 00511cam a2200157 7i4500 | ||
|---|---|---|---|
| 001 | 0000031420 | ||
| 005 | 20141016090000.0 | ||
| 020 | 0 | 0 | |a 9781846682421 |
| 090 | 0 | 0 | |a E. AS 338.95 |b STU |
| 100 | 1 | 0 | |a Studwell, Joe |
| 245 | 1 | 0 | |a How Asia works : |b success and failure in the world's most dynamic region. |
| 260 | 0 | 0 | |a London: |b Profile Books, |c 2013. |
| 300 | # | # | |a 322 p. |
| 650 | 0 | 0 | |a East Asia -- |x Economic conditions |
| 650 | 0 | 0 | |a Economic development -- |z East Asia |
| 999 | |a B000034752 |b Book |c Book |e Business Information Centre | ||


